[Event "Tuzla Interzonal (Women)"]
[Site "Tuzla"]
[Date "1987.??.??"]
[Round "5"]
[White "Liu, Shilan"]
[Black "Petrovic, Marija"]
[Result "1-0"]
[WhiteElo "2355"]
[BlackElo "2200"]
[PlyCount "135"]
[EventDate "1987.07.??"]
[EventType "tourn"]
[EventRounds "17"]
[EventCountry "YUG"]
[EventCategory "10"]
[SourceTitle "EXT 1997"]
[Source "ChessBase"]
[SourceDate "1996.11.15"]
[SourceVersion "1"]
[SourceVersionDate "1996.11.15"]
[SourceQuality "1"]

1. e4 g6 2. d4 Bg7 3. Nf3 d6 4. c3 Nf6 5. Bd3 0-0 6. 0-0 Nbd7 7. Re1 e5 8. Bg5 h6 9. Bh4 Qe8 10. Nbd2 Nh5 11. dxe5 dxe5 12. Nc4 Nc5 13. Bf1 b5 14. Qd5 bxc4 15. Qxc5 g5 16. Bg3 Nxg3 17. hxg3 Rb8 18. Rab1 Rb6 19. Bxc4 Rc6 20. Qb4 Rb6 21. Qa5 Be6 22. Nd2 Qd7 23. Bxe6 Qxd2 24. Bb3 Rf6 25. Qxa7 h5 26. Qe3 Qxe3 27. Rxe3 Rd8 28. Re2 Rfd6 29. a4 Bf8 30. Kf1 Rb8 31. Bd5 c6 32. Bc4 c5 33. a5 Ra8 34. a6 Ra7 35. Ke1 Kg7 36. Rd1 Rdxa6 37. Bxa6 Rxa6 38. Red2 Rb6 39. Ra1 Rb7 40. Kd1 Be7 41. Kc2 g4 42. Ra6 h4 43. gxh4 Bxh4 44. f3 gxf3 45. gxf3 f6 46. Rc6 Rb5 47. Rd7+ Kg6 48. Rd5 Kg5 49. Rcxc5 Rb6 50. Rc8 Kf4 51. Rd3 Bf2 52. Rh8 Ra6 53. Rh5 Kg3 54. Rf5 Kg2 55. Rd2 Kg3 56. Rxf2 Kxf2 57. b4 Ke3 58. b5 Rb6 59. c4 Kd4 60. Kb3 Kc5 61. f4 Kd4 62. fxe5 fxe5 63. Rf8 Kxe4 64. Kb4 Rd6 65. c5 Rd4+ 66. Ka5 Rc4 67. c6 Kd5 68. Kb6 1-0

[Event "Tuzla Interzonal (Women)"]
[Site "Tuzla"]
[Date "1987.??.??"]
[Round "17"]
[White "Matveeva, Svetlana"]
[Black "Liu, Shilan"]
[Result "1/2-1/2"]
[WhiteElo "2380"]
[BlackElo "2335"]
[PlyCount "132"]
[EventDate "1987.07.??"]
[EventType "tourn"]
[EventRounds "17"]
[EventCountry "YUG"]
[EventCategory "10"]
[SourceTitle "EXT 2001"]
[Source "ChessBase"]
[SourceDate "2000.11.22"]
[SourceVersion "1"]
[SourceVersionDate "2000.11.22"]
[SourceQuality "1"]

1. d4 Nf6 2. c4 e6 3. g3 Bb4+ 4. Bd2 c5 5. Bxb4 cxb4 6. Bg2 0-0 7. e3 d6 8. Ne2 a5 9. 0-0 e5 10. a3 Na6 11. axb4 axb4 12. Nd2 Qe7 13. Nf3 Bd7 14. c5 dxc5 15. Nxe5 Bb5 16. Ra5 Nc7 17. Rxa8 Nxa8 18. Re1 b6 19. Nf4 Nc7 20. Qc1 Ne6 21. d5 Nxf4 22. gxf4 c4 23. Nxc4 Rc8 24. b3 Bxc4 25. bxc4 b5 26. c5 Rxc5 27. Qd1 Qd6 28. Qd4 b3 29. Qb2 h6 30. Qxb3 g5 31. fxg5 hxg5 32. e4 Qe5 33. Rf1 Rc3 34. Qd1 Nxe4 35. Re1 Rc4 36. f3 Nc3 37. Rxe5 Nxd1 38. d6 Rd4 39. Rxg5+ Kf8 40. Rxb5 Rxd6 41. h4 Ne3 42. Kf2 Nxg2 43. Kxg2 Kg7 44. Kg3 Rd4 45. Rg5+ Kh7 46. Rg4 Rd7 47. Kf4 Rd6 48. Ke5 Re6+ 49. Kf5 Ra6 50. f4 Re6 51. h5 Kh6 52. Rg8 Kh7 53. Rd8 Kg7 54. Rd7 Ra6 55. Kg5 Ra5+ 56. f5 Ra6 57. Rd4 Rb6 58. Rf4 Rf6 59. Rf3 Ra6 60. f6+ Kh7 61. Rf4 Ra1 62. Re4 Ra5+ 63. Kg4 Kh6 64. Re7 Rg5+ 65. Kf4 Rxh5 66. Rxf7 Kg6 1/2-1/2